|
|
|
|
| LEADER |
00000ntmaa2200000 a 4500 |
| 001 |
vtls012068844 |
| 003 |
SK-MaSNL |
| 005 |
20260301104155.0 |
| 008 |
251021s1866 xo || 000 1 slo |
| 035 |
|
|
|a urn:nbn:sk:snk-tm00g3nw
|
| 035 |
|
|
|a urn:nbn:sk:snk-tm3n4fd
|
| 035 |
|
|
|a FBE2FDF0-03C8-4B58-9E68-DDC57327D706
|
| 040 |
|
|
|a SNKLA
|b slo
|c SNKLA
|e AACR2
|
| 041 |
0 |
|
|a slo
|
| 044 |
|
|
|a xo
|c SK
|
| 072 |
|
7 |
|a 2
|x Náboženstvo
|2 konspekt
|
| 080 |
|
|
|a 025.171
|2 2011
|
| 080 |
|
|
|a (046)
|2 2011
|
| 100 |
1 |
|
|a Makovický, Ján Drahotín,
|d 1818-1884
|4 aut
|9 63897
|
| 245 |
1 |
0 |
|a Liptov dňa 12 júna 1866 ...
|c [Ján Drahotín Makovický]
|
| 260 |
|
|
|a [Liptovský Mikuláš]
|c 1866
|
| 300 |
|
|
|a 4 nečíslované strany
|b rukopis, voľné listy
|c 21 cm
|
| 500 |
|
|
|a Autor podľa iných prác pod signatúrami 34 a 49
|
| 520 |
2 |
|
|a Článok do novín o problémoch evanjelickej cirkvi na Liptove
|
| 555 |
0 |
|
|a Inventár rukopisov Literárneho archívu Matice slovenskej X. Fondy 46 - 51. Martin : Matica slovenská 1981
|
| 561 |
|
|
|a Okrúhla pečiatka: Literárny archív Matice slovenskej Martin
|
| 610 |
2 |
7 |
|a Evanjelická cirkev a.v.
|2 SNKKA
|9 32425
|
| 651 |
|
7 |
|a Liptov (Slovensko : región)
|2 SNKPHgeo
|9 151081
|
| 655 |
|
7 |
|a rukopisy
|2 SNKPH
|9 70548
|
| 655 |
|
7 |
|a články
|2 SNKPH
|9 70601
|
| 852 |
|
|
|a Slovenská národná knižnica
|b Literárny archív
|
| 958 |
|
|
|a OF
|
| 958 |
|
|
|a LAVD
|
| 999 |
|
|
|c 697421
|d 699351
|
| 952 |
|
|
|a SNKLA
|b SNKLA
|c SNKLA_DEP
|y NEVYP
|7 0
|p 17A1229806
|o snk49 DB 3
|0 0
|1 0
|4 0
|d 2021-09-16
|f 1
|l 0
|r 2026-02-23 20:46:34
|w 2026-02-23
|